00394nam a2200145Ia 4500003000400000008004100004040001600045082001300061100002200074245006200096260005100158650001300209650001500222650001100237GCL140319s9999 xx 000 0 eng d aGCL / cGCL04a170bW M1 aWILLIAMS, BERNARD10aMORALITY: AN INTRODUCTION TO ETHICS / cWILLIAMS, BERNARD a[S.N] : bCAMLRIDGE UNIVERSITY PRESS ، c199304aMORALITY04aPHILOSOPHY04aETHICS